000 00753nam a22001815i 4500
001 157611
003 ES-MaACL
005 20240530062942.0
008 000505s1878 sp |||| | spa d
040 _aCAM
_bspa
_cCAM
100 1 _aLetamendi, José de,
_d1828-1897
_971873
245 1 0 _aPlan de reforma de la patología general y su clínica
_b: así en el concepto de institucion médica como en el de asignatura académica /
_csu autor J. de Letamendi.
260 _aMadrid :
_b[s.n.],
_c1878 (
_fImprenta de Aurelio J. Alaria)
300 _a221 p. ;
_c22 cm.
650 4 _aPatología.
_915884
852 _aES-MaACL
_jT-252-F-4
_z-- Enc. hol.
_q-- Falto de la cub. original
_z-- Enc. en un vol. facticio
999 _c157611
_d157611